|
|
|
|
| LEADER |
00000nam0a2200000 4500 |
| 001 |
360974 |
| 005 |
20240808104824.0 |
| 035 |
|
|
|a (RuTPU)RU\TPU\retro\18300
|
| 090 |
|
|
|a 360974
|
| 100 |
|
|
|a 20210520d1980 km y0rusy50 ca
|
| 101 |
0 |
|
|a rus
|
| 102 |
|
|
|a RU
|
| 105 |
|
|
|a a z 001zy
|
| 200 |
1 |
|
|a Типизация подземных водоносных систем
|f К. П. Караванов
|g Академия наук СССР, Дальневосточный научный центр ; Хабаровский комплексный научно-исследовательский институт
|
| 210 |
|
|
|a Москва
|c Наука
|d 1980
|
| 215 |
|
|
|a 152 с.
|c ил.
|
| 320 |
|
|
|a Библиогр.: с. 141-150
|
| 606 |
1 |
|
|a Воды подземные
|x (геология)
|2 stltpush
|3 (RuTPU)RU\TPU\subj\68168
|9 83651
|
| 610 |
1 |
|
|a водоносные системы
|
| 610 |
1 |
|
|a типизация
|
| 610 |
1 |
|
|a артезианские бассейны
|
| 610 |
1 |
|
|a строение
|
| 610 |
1 |
|
|a распространение
|
| 610 |
1 |
|
|a формирование
|
| 610 |
1 |
|
|a распознавание образов
|
| 610 |
1 |
|
|a алгоритмы
|
| 675 |
|
|
|a 556.3
|v 4
|
| 700 |
|
1 |
|a Караванов
|b К. П.
|g Константин Прохорович
|
| 712 |
0 |
2 |
|a Академия наук СССР
|b Дальневосточный научный центр
|c (Владивосток)
|c (1970-1986)
|2 stltpush
|3 (RuTPU)RU\TPU\col\328
|9 23355
|
| 712 |
0 |
2 |
|a Хабаровский комплексный научно-исследовательский институт
|2 stltpush
|3 (RuTPU)RU\TPU\col\6083
|9 24213
|
| 801 |
|
1 |
|a RU
|b 63413507
|c 20210520
|
| 942 |
|
|
|c BK
|